000 00585ntaaa2200205 4500
003 01
005 20251027203047.0
008 0714s1973 ag 01
040 _aAR-BaBN
_bspa
_cAR-BaBN
_eaacr
_dRIC
082 _a230.0000 W89o10
100 _aNoelliste, Dieumeme
_931823
245 _aToward a theology of theological education
250 _a1 ed.
260 _aSeoul :
_bWorld Evangelical Fellowship Theological Commission,
_c1993
300 _a21p ;
_c21cm
500 _aSe debe cambiar a Sitv
650 _aEducación teológica
_93999
700 _aRo, Bong Rin
942 _cBK
999 _c25987
_d25987